Introduction to asymptotics: a treatment using nonstandard analysis
Uloženo v:
| Hlavní autor: | |
|---|---|
| Médium: | Kniha |
| Jazyk: | angličtina |
| Vydáno: |
Hackensack
World Scientific
1997
|
| Témata: | |
| Tagy: |
Přidat tag
Žádné tagy, Buďte první, kdo vytvoří štítek k tomuto záznamu!
|
MARC
| LEADER | 00000nam a2200000 a 4500 | ||
|---|---|---|---|
| 001 | UCP1202 | ||
| 003 | CL-VaPUC | ||
| 008 | 990401e19970000us |||||||||||||||||eng|d | ||
| 082 | 0 | 4 | |a 519.2 |b JON |2 21 |
| 100 | 0 | |a Jones, D. S |e author |9 427126 | |
| 245 | 1 | 0 | |a Introduction to asymptotics: a treatment using nonstandard analysis |
| 300 | |a 165 p | ||
| 942 | |c BK | ||
| 945 | |d 19990401 00:00:00 |a rbrito | ||
| 260 | |a Hackensack |b World Scientific |c 1997 | ||
| 650 | 7 | |a EXPANSIONES ASINTOTICAS |2 CL-VaPUC |9 271064 | |
| 650 | 0 | |a Integrales |9 260233 | |
| 650 | 0 | |a Funciones analíticas |9 270036 | |
| 650 | 0 | |a Números complejos |9 270335 | |
| 650 | 0 | |a Ecuaciones diferenciales |9 260083 | |
| 650 | 0 | |a Análisis complejo |9 260214 | |
| 583 | |a last modification |c 20171221 03:24:24 |k Rodrigo Vera | ||
| 999 | |c 279909 |d 279907 | ||